000
00300nam a2200145Ia 4500
100
_a
Bansal/Rashmi
942
_c
BK
366
_f
25
245
_a
Stay hungry stay foolish
260
_b
IIM Ahmedabad
_c
2008
082
_a
658
_b
BAN
300
_a
325
546
_a
ENGLISH
_c
production
999
_c
33507
_d
33507